| 000 | 00481nam a22001697a 4500 | ||
|---|---|---|---|
| 005 | 20230509105142.0 | ||
| 008 | 220823b ||||| |||| 00| 0 eng d | ||
| 040 | _cAL | ||
| 041 | _aeng | ||
| 082 |
_223 _a574.1921 _bROHJ |
||
| 100 |
_aRohr J _955244 |
||
| 245 |
_aBioorganic Chemistry _bDeoxysugars Polyketides and Related Classes Synthesis Biosynthesis Enzymes |
||
| 260 |
_aNew York _bSpringer _c2000 |
||
| 300 |
_a195p. _bPB _c23x15cm. |
||
| 365 | _2General | ||
| 942 |
_2ddc _cBK |
||
| 999 |
_c224463 _d224463 |
||